00303nam a2200109Ia 4500008004100000041000800041082001600049100001500065245006100080260003300141300001900174241028s9999 xx 000 0 und d aeng a153.852 TAN aSchlachter aIncreasing Your Influence At Work All-In-One For Dummies bWiley IndiaaNew Delhic2018 a570;. P. 23 cm